[Event "FRA-ch Rapid"]
[Site "Asnieres sur Seine"]
[Date "2023.06.25"]
[Round "2"]
[White "Fedorchuk, Sergey A"]
[Black "Rodriguez Rodriguez, Antonio"]
[Result "1-0"]
[WhiteElo "2579"]
[BlackElo "2062"]
[PlyCount "58"]
[EventDate "2023.06.25"]
[EventType "swiss (rapid)"]
[EventRounds "9"]
[EventCountry "FRA"]
[SourceTitle "CBM 214 Extra"]
[Source "ChessBase"]
[SourceDate "2023.07.31"]
[SourceVersion "1"]
[SourceVersionDate "2023.07.31"]
[SourceQuality "1"]

1. e4 c5 2. Nf3 e6 3. d4 cxd4 4. Nxd4 Bc5 5. Nc3 Qb6 6. Na4 Qa5+ 7. c3 Bxd4 8. Qxd4 Nf6 9. Nc5 Nc6 10. Qe3 Ng4 11. Qg5 0-0 12. Be2 f5 13. Nb3 Qe5 14. f3 Nh6 15. Bf4 Qf6 16. Qxf6 Rxf6 17. Bg5 Rf8 18. Bxh6 gxh6 19. exf5 Rxf5 20. 0-0-0 d5 21. Rhe1 Bd7 22. Nc5 Rd8 23. Nxb7 Rb8 24. Nc5 Bc8 25. Bd3 Rf6 26. Bc2 a5 27. Rd2 Kf7 28. Ba4 Rb6 29. Nd3 Rf5 1-0

[Event "FRA-ch Blitz Online Qual"]
[Site "Europe Echecs INT"]
[Date "2020.05.16"]
[Round "12"]
[White "Nguyen, Thao Nhi"]
[Black "Rodriguez Rodriguez, Antonio"]
[Result "1-0"]
[WhiteElo "1951"]
[BlackElo "2112"]
[PlyCount "137"]
[EventDate "2020.05.16"]
[EventType "swiss (blitz)"]
[EventRounds "15"]
[EventCountry "FRA"]
[SourceTitle "CBM 196 Extra"]
[Source "ChessBase"]
[SourceDate "2020.07.31"]
[SourceVersion "1"]
[SourceVersionDate "2020.07.31"]
[SourceQuality "1"]

1. e4 e5 2. Nf3 d5 3. exd5 e4 4. Nd4 Qxd5 5. Nb3 Nf6 6. d3 Nc6 7. Nc3 Bb4 8. Bd2 Bxc3 9. Bxc3 Bg4 10. Qd2 0-0-0 11. h3 Bh5 12. d4 Rhe8 13. Be2 e3 14. fxe3 Qxg2 15. Bg4+ Nxg4 16. Qxg2 Nxe3 17. Qg5 Bg6 18. Kf2 Nxc2 19. Rad1 f6 20. Qg4+ f5 21. Qf4 Re4 22. Qg5 Rde8 23. Rd2 Ne3 24. Qg3 f4 25. Qg5 Ne7 26. Nc5 h6 27. Qg1 Bh5 28. Nxe4 N7f5 29. Qc1 Rxe4 30. d5 Ng3 31. Rg1 Re8 32. Rxg3 fxg3+ 33. Kxg3 Nf5+ 34. Kf2 g5 35. Bb4 Nh4 36. Ba5 Rf8+ 37. Kg1 Rf7 38. Qc3 Nf3+ 39. Kg2 Nxd2 40. Qh8+ Kd7 41. Qe5 b6 42. Qe6+ Kd8 43. Bxd2 Re7 44. Qg8+ Kd7 45. Qh8 Re2+ 46. Kg3 Rxd2 47. Qg7+ Kd6 48. Qxh6+ Kc5 49. Qxh5 Rxd5 50. Qf3 Kc4 51. Qc3+ Kb5 52. a4+ Kxa4 53. Qc4+ Ka5 54. Qxd5+ c5 55. Qa2+ Kb4 56. Qa3+ Kb5 57. Qd3+ Kb4 58. Kg4 b5 59. Kxg5 c4 60. Qc3+ Kc5 61. h4 b4 62. Qe5+ Kc6 63. h5 a5 64. h6 a4 65. h7 a3 66. bxa3 bxa3 67. h8Q a2 68. Qc8+ Kb6 69. Qec5# 1-0

[Event "FRA-ch Blitz Online Qual"]
[Site "Europe Echecs INT"]
[Date "2020.05.16"]
[Round "1"]
[White "Rodriguez Rodriguez, Antonio"]
[Black "Monmaille, Eric"]
[Result "1-0"]
[WhiteElo "2112"]
[BlackElo "1400"]
[PlyCount "65"]
[EventDate "2020.05.16"]
[EventType "swiss (blitz)"]
[EventRounds "15"]
[EventCountry "FRA"]
[SourceTitle "CBM 196 Extra"]
[Source "ChessBase"]
[SourceDate "2020.07.31"]
[SourceVersion "1"]
[SourceVersionDate "2020.07.31"]
[SourceQuality "1"]

1. d4 Nf6 2. Bg5 d5 3. Bxf6 exf6 4. e3 Bd6 5. g3 0-0 6. Bg2 Bf5 7. Bxd5 Nc6 8. Bg2 Qd7 9. c3 Rad8 10. Nd2 Bd3 11. Nb3 Bb5 12. Ne2 Ne7 13. 0-0 Bc6 14. Nd2 Bxg2 15. Kxg2 Ng6 16. c4 Qc6+ 17. Kg1 f5 18. a3 Qd7 19. b4 h6 20. c5 Be7 21. Qc2 Bf6 22. Rab1 c6 23. a4 Rc8 24. b5 cxb5 25. axb5 Ne7 26. Nc4 Nd5 27. Nd6 Rb8 28. Qxf5 Qxf5 29. Nxf5 b6 30. Rfc1 bxc5 31. dxc5 g6 32. Nfd4 Bxd4 33. Nxd4 1-0

[Event "Poitiers Futuroscope Rapid"]
[Site "Poitiers"]
[Date "2019.12.01"]
[Round "6.3"]
[White "Lagarde, Maxime"]
[Black "Rodriguez Rodriguez, Antonio"]
[Result "1-0"]
[WhiteElo "2657"]
[BlackElo "2114"]
[PlyCount "71"]
[EventDate "2019.12.01"]
[EventType "swiss (rapid)"]
[EventRounds "7"]
[EventCountry "FRA"]
[SourceTitle "EXT 2021"]
[Source "ChessBase"]
[SourceDate "2020.10.23"]
[SourceVersion "1"]
[SourceVersionDate "2020.10.23"]
[SourceQuality "1"]

1. e4 d6 2. d4 Nf6 3. Nc3 Nc6 4. d5 Nb8 5. Bc4 a6 6. a4 g6 7. Nge2 Bg7 8. 0-0 0-0 9. h3 a5 10. Re1 Na6 11. Nd4 Nc5 12. Bg5 h6 13. Bf4 Nfd7 14. Qd2 Ne5 15. Bf1 Kh7 16. Bh2 e6 17. f4 exd5 18. fxe5 dxe5 19. Nf3 d4 20. Nd1 Qe7 21. Nf2 Bd7 22. Nd3 f6 23. Nxc5 Qxc5 24. Bd3 h5 25. Rf1 Bh6 26. Qe2 g5 27. Kh1 Rg8 28. Rad1 g4 29. Nh4 g3 30. Bg1 Rg5 31. Rxf6 Rag8 32. Nf5 Bxf5 33. exf5 Qe7 34. Re6 Qf8 35. Qxe5 Bg7 36. f6+ 1-0

[Event "Avoine op 32nd"]
[Site "Avoine"]
[Date "2017.07.22"]
[Round "1"]
[White "Rodriguez Rodriguez, Antonio"]
[Black "Neau, Julien"]
[Result "0-1"]
[WhiteElo "2142"]
[BlackElo "1930"]
[PlyCount "60"]
[EventDate "2017.07.22"]
[EventType "swiss"]
[EventRounds "9"]
[EventCountry "FRA"]
[SourceTitle "CBM 179 Extra"]
[Source "ChessBase"]
[SourceDate "2017.08.23"]
[SourceVersion "1"]
[SourceVersionDate "2017.08.23"]
[SourceQuality "1"]

1. d4 Nf6 2. Bg5 c5 3. Nc3 cxd4 4. Qxd4 Nc6 5. Qh4 e6 6. e4 Be7 7. 0-0-0 0-0 8. f4 h6 9. Bxh6 gxh6 10. Qxh6 Ng4 11. Qh3 f5 12. Nf3 Qb6 13. exf5 Qe3+ 14. Kb1 Qxf4 15. Ne2 Qxf5 16. Ned4 Qg6 17. Qg3 Qg7 18. Qe1 Nxd4 19. Rxd4 Bf6 20. Ra4 b5 21. Rb4 a5 22. Rxb5 Ba6 23. Rb3 a4 24. Rb4 Bxf1 25. Rxf1 a3 26. bxa3 Bc3 27. Qe4 Bxb4 28. axb4 Nf6 29. Qd3 Nd5 30. c3 Nxc3+ 0-1

[Event "Angers op 12th"]
[Site "Angers"]
[Date "2017.05.26"]
[Round "2"]
[White "Rodriguez Rodriguez, Antonio"]
[Black "Sohier, Julien"]
[Result "1/2-1/2"]
[WhiteElo "2132"]
[BlackElo "2280"]
[PlyCount "87"]
[EventDate "2017.05.26"]
[EventType "swiss"]
[EventRounds "6"]
[EventCountry "FRA"]
[SourceTitle "CBM 178 Extra"]
[Source "ChessBase"]
[SourceDate "2017.06.22"]
[SourceVersion "1"]
[SourceVersionDate "2017.06.22"]
[SourceQuality "1"]

1. Nf3 d5 2. g3 Nf6 3. Bg2 c6 4. 0-0 Bg4 5. h3 Bh5 6. d3 Nbd7 7. Nc3 e5 8. e4 dxe4 9. dxe4 Bc5 10. Qe1 0-0 11. Be3 Bxf3 12. Bxf3 Bxe3 13. Qxe3 Qb6 14. Rfd1 Qxe3 15. fxe3 Rfd8 16. a4 a5 17. Rd2 Nb6 18. Rd3 Kf8 19. Rad1 Rd7 20. b3 Ke7 21. g4 h6 22. h4 g6 23. Kf2 Nh7 24. Rh1 Rh8 25. Rb1 Rhd8 26. Be2 Nc8 27. Rh1 Nf6 28. g5 hxg5 29. hxg5 Ne8 30. Rh8 Ned6 31. Rh7 Rg8 32. Rd1 Rdd8 33. Rdh1 Ne8 34. Kg3 Ncd6 35. Bd3 Ng7 36. Kg4 Nh5 37. Ne2 Ng7 38. Ng3 Ke6 39. R1h2 Nge8 40. Rf2 b5 41. axb5 cxb5 42. Ne2 Rc8 43. Rf1 Rc7 44. Kh4 1/2-1/2

[Event "ESP-chT1a Norte"]
[Site "Barcelona"]
[Date "2006.08.19"]
[Round "5.4"]
[White "Del Rey, Diego"]
[Black "Rodriguez Rodriguez, Antonio"]
[Result "1-0"]
[WhiteElo "2422"]
[BlackElo "2300"]
[PlyCount "73"]
[EventDate "2006.08.16"]
[EventType "team"]
[EventRounds "6"]
[EventCountry "ESP"]
[SourceTitle "EXT 2007"]
[Source "ChessBase"]
[SourceDate "2006.11.23"]
[SourceVersion "1"]
[SourceVersionDate "2006.11.23"]
[SourceQuality "1"]

1. d4 Nf6 2. Bg5 Ne4 3. Bf4 c5 4. f3 Qa5+ 5. c3 Nf6 6. Nd2 cxd4 7. Nc4 Qf5 8. Bxb8 Rxb8 9. Qxd4 b5 10. e4 Qh5 11. Ne3 d6 12. Qxa7 Rb7 13. Qd4 g5 14. a4 Bg7 15. Bxb5+ Rxb5 16. axb5 0-0 17. Ne2 g4 18. Ng3 Qxb5 19. c4 Qb4+ 20. Qd2 Qxd2+ 21. Kxd2 e6 22. Ra8 gxf3 23. gxf3 Nd7 24. Kc2 Bd4 25. Nd1 Nb6 26. Ra2 d5 27. cxd5 exd5 28. Nc3 dxe4 29. fxe4 Be6 30. Ra5 Rc8 31. Nf5 Bxf5 32. exf5 Nc4 33. Ra4 Bf6 34. Rha1 Nb6 35. Ra6 Rc6 36. Kb3 Bxc3 37. bxc3 1-0

[Event "Internet Section 10B g/8'+2\""]
[Site "Dos Hermanas"]
[Date "2004.03.11"]
[Round "3"]
[White "Mamedov, Rauf"]
[Black "Rodriguez Rodriguez, Antonio"]
[Result "1-0"]
[WhiteElo "2452"]
[BlackElo "2259"]
[PlyCount "117"]
[EventDate "2004.03.10"]
[EventType "swiss (blitz)"]
[EventRounds "9"]
[EventCountry "ESP"]
[SourceTitle "EXT 2005"]
[Source "ChessBase"]
[SourceDate "2004.11.15"]
[SourceVersion "1"]
[SourceVersionDate "2004.11.15"]
[SourceQuality "1"]

1. e4 d6 2. d4 Nf6 3. Nc3 Nc6 4. d5 Nb8 5. Bd3 a6 6. a4 e6 7. Nf3 exd5 8. exd5 Bg4 9. 0-0 Be7 10. Re1 0-0 11. Bg5 Nbd7 12. h3 Bh5 13. Be2 h6 14. Bf4 Re8 15. Nd4 Bg6 16. Bd3 Bxd3 17. Qxd3 Nc5 18. Qf3 a5 19. Nf5 Bf8 20. Qg3 Nh5 21. Qg4 Nxf4 22. Qxf4 Qf6 23. Qf3 Kh7 24. Qg4 g6 25. Ng3 Bg7 26. Rad1 Qg5 27. Qc4 f5 28. Nb5 Re7 29. h4 Qf6 30. h5 Rae8 31. hxg6+ Kxg6 32. Rxe7 Qxe7 33. Qf4 Qg5 34. Qf3 Re7 35. b3 Be5 36. Nd4 Bxg3 37. Qxg3 Qxg3 38. fxg3 Re5 39. Nb5 Re7 40. Rf1 Kg5 41. Nd4 Re5 42. Nf3+ Kg4 43. Nxe5+ dxe5 44. Re1 Ne4 45. c3 Kxg3 46. b4 b6 47. bxa5 bxa5 48. c4 Kf4 49. Rf1+ Kg5 50. Rb1 Nc5 51. Rb5 Nxa4 52. c5 Nc3 53. d6 cxd6 54. cxd6 Kf6 55. Rxe5 a4 56. d7 Kxe5 57. d8Q f4 58. Qh8+ Ke4 59. Qxc3 1-0

[Event "Internet Section 10B g/8'+2\""]
[Site "Dos Hermanas"]
[Date "2004.03.11"]
[Round "2"]
[White "Rodriguez Rodriguez, Antonio"]
[Black "Guseinov, Gadir"]
[Result "1/2-1/2"]
[WhiteElo "2259"]
[BlackElo "2571"]
[PlyCount "63"]
[EventDate "2004.03.10"]
[EventType "swiss (blitz)"]
[EventRounds "9"]
[EventCountry "ESP"]
[SourceTitle "EXT 2005"]
[Source "ChessBase"]
[SourceDate "2004.11.15"]
[SourceVersion "1"]
[SourceVersionDate "2004.11.15"]
[SourceQuality "1"]

1. d4 Nf6 2. Bg5 Ne4 3. h4 c5 4. dxc5 Qa5+ 5. Nd2 Nxg5 6. hxg5 Qxc5 7. Ngf3 Nc6 8. e3 d5 9. g6 fxg6 10. Bd3 Qd6 11. c3 e5 12. e4 d4 13. cxd4 exd4 14. e5 Qe6 15. Qc2 Nb4 16. Bb5+ Bd7 17. Bxd7+ Qxd7 18. Qe4 Qc6 19. Nxd4 Qxe4+ 20. Nxe4 Nd3+ 21. Ke2 Nxe5 22. Rac1 Rd8 23. Ne6 Rd7 24. Rc8+ Ke7 25. N6c5 Rd4 26. Rc7+ Ke8 27. Rc8+ Rd8 28. Rc7 Rd4 29. Rc8+ Rd8 30. Rc7 Rd4 31. Rc8+ Rd8 32. Rc7 1/2-1/2

[Event "Internet Section 07A g/8'+2\""]
[Site "Dos Hermanas"]
[Date "2004.03.07"]
[Round "6"]
[White "Rodriguez Rodriguez, Antonio"]
[Black "Mahia, Gustavo"]
[Result "1-0"]
[WhiteElo "2259"]
[BlackElo "2377"]
[PlyCount "31"]
[EventDate "2004.03.07"]
[EventType "swiss (blitz)"]
[EventRounds "9"]
[EventCountry "ESP"]
[SourceTitle "CBM 099 Extra"]
[Source "ChessBase"]
[SourceDate "2004.05.04"]
[SourceVersion "1"]
[SourceVersionDate "2004.05.04"]
[SourceQuality "1"]

1. d4 e6 2. e4 d5 3. e5 c5 4. Nf3 Nc6 5. Bd3 cxd4 6. 0-0 f6 7. Qe2 fxe5 8. Nxe5 Nxe5 9. Qxe5 Nf6 10. Bf4 Bc5 11. Nd2 0-0 12. h3 Bb6 13. Rae1 Rf7 14. Nf3 Ne8 15. Ng5 Rxf4 16. Bxh7+ 1-0

[Event "Mislata op-A 11th"]
[Site "Mislata"]
[Date "2003.08.24"]
[Round "5"]
[White "Balada Moreno, Jose Luis"]
[Black "Rodriguez Rodriguez, Antonio"]
[Result "0-1"]
[WhiteElo "2207"]
[BlackElo "2259"]
[PlyCount "58"]
[EventDate "2003.08.19"]
[EventType "swiss"]
[EventRounds "9"]
[EventCountry "ESP"]
[SourceTitle "CBM 095 Extra"]
[Source "ChessBase"]
[SourceDate "2003.09.04"]
[SourceVersion "1"]
[SourceVersionDate "2003.09.04"]
[SourceQuality "1"]

1. e4 d6 2. Nc3 Nf6 3. f4 Nc6 4. Bb5 a6 5. Bxc6+ bxc6 6. d3 e6 7. Nf3 Be7 8. 0-0 0-0 9. Qe1 c5 10. b3 Bb7 11. h3 Nd7 12. Bd2 Rb8 13. Ne2 d5 14. e5 f6 15. Qg3 d4 16. exf6 Rxf6 17. Kh2 Rg6 18. Qf2 Bd6 19. Rg1 Qf6 20. Raf1 Rf8 21. Qh4 e5 22. Qxf6 Rgxf6 23. g3 h6 24. h4 g5 25. Rf2 Kh8 26. h5 exf4 27. gxf4 gxf4 28. Nh4 f3+ 29. Ng3 Ne5 0-1

[Event "Mislata op-A 11th"]
[Site "Mislata"]
[Date "2003.08.22"]
[Round "4"]
[White "Rodriguez Rodriguez, Antonio"]
[Black "Bellon Lopez, Juan Manuel"]
[Result "0-1"]
[WhiteElo "2259"]
[BlackElo "2423"]
[PlyCount "48"]
[EventDate "2003.08.19"]
[EventType "swiss"]
[EventRounds "9"]
[EventCountry "ESP"]
[SourceTitle "CBM 095 Extra"]
[Source "ChessBase"]
[SourceDate "2003.09.04"]
[SourceVersion "1"]
[SourceVersionDate "2003.09.04"]
[SourceQuality "1"]

1. Nf3 c5 2. g3 g6 3. Bg2 Bg7 4. 0-0 Nc6 5. c3 e5 6. d3 Nge7 7. Nbd2 0-0 8. e4 d6 9. a4 h6 10. Ne1 f5 11. f4 Be6 12. Qe2 Qd7 13. Nc4 Rae8 14. Nf3 exf4 15. Bxf4 g5 16. Bd2 d5 17. exd5 Nxd5 18. Rae1 Nxc3 19. Qf2 Ne4 20. dxe4 Bxc4 21. exf5 Bxf1 22. Rxe8 Rxe8 23. Bxf1 g4 24. Bc4+ Kh8 0-1

[Event "Mislata op-A 11th"]
[Site "Mislata"]
[Date "2003.08.20"]
[Round "2"]
[White "Rodriguez Rodriguez, Antonio"]
[Black "Cramling, Pia"]
[Result "0-1"]
[WhiteElo "2259"]
[BlackElo "2488"]
[PlyCount "54"]
[EventDate "2003.08.19"]
[EventType "swiss"]
[EventRounds "9"]
[EventCountry "ESP"]
[SourceTitle "CBM 095 Extra"]
[Source "ChessBase"]
[SourceDate "2003.09.04"]
[SourceVersion "1"]
[SourceVersionDate "2003.09.04"]
[SourceQuality "1"]

1. e4 c5 2. Nf3 e6 3. d4 cxd4 4. Nxd4 a6 5. Nc3 Qc7 6. g3 Bb4 7. Nde2 Nf6 8. Bg2 Be7 9. 0-0 Nc6 10. b3 d6 11. Bb2 b5 12. Nd4 Bb7 13. a3 0-0 14. Re1 Rac8 15. Nxc6 Bxc6 16. Qe2 Rfe8 17. Rad1 Qb7 18. g4 h6 19. Rd3 a5 20. Rg3 b4 21. axb4 axb4 22. Nd1 Nh7 23. f4 Bh4 24. Rh3 Bb5 25. Qd2 Bxe1 26. Qxe1 Rxc2 27. Qh4 Rxg2+ 0-1